Литературное мастерство Достоевского в развитии (Запись № 10925057)
[ простой вид ]
| 000 -МАРКЕР | |
|---|---|
| контрольное поле | 02286nam0a2200409 i 4500 |
| 001 - ИДЕНТИФИКАТОР ЗАПИСИ | |
| контрольное поле | RU\NLR\BIBL_A\011291613 |
| 005 - ИДЕНТИФИКАТОР ВЕРСИИ | |
| контрольное поле | 20260607071530.0 |
| 010 ## - МЕЖДУНАРОДНЫЙ СТАНДАРТНЫЙ НОМЕР КНИГИ (ISBN) | |
| Номер (ISBN) | 9785877810426 |
| 010 ## - МЕЖДУНАРОДНЫЙ СТАНДАРТНЫЙ НОМЕР КНИГИ (ISBN) | |
| Номер (ISBN) | 978-5-4469-0834-9 |
| Тираж | 500 |
| 021 ## - НОМЕР ГОСУДАРСТВЕННОЙ РЕГИСТРАЦИИ | |
| Код страны | Российская Федерация |
| Номер | 2016-90522 |
| Номер Листа государственной регистраци | 5965 |
| 035 ## - ДРУГИЕ СИСТЕМНЫЕ НОМЕРА | |
| Идентификатор записи | (NILC)LIBNET\0000683256 |
| 035 ## - ДРУГИЕ СИСТЕМНЫЕ НОМЕРА | |
| Идентификатор записи | (NLR Aleph) 011291613 |
| 100 ## - ДАННЫЕ ОБЩЕЙ ОБРАБОТКИ | |
| Данные общей обработки | 20161213d2016 km y0rusy50 ca |
| 101 1# - ЯЗЫК РЕСУРСА | |
| Язык текста, звукозаписи и т.д. | русский |
| Язык оригинала | немецкий |
| 102 ## - СТРАНА ПУБЛИКАЦИИ ИЛИ ПРОИЗВОДСТВА | |
| Страна публикации | Российская Федерация |
| 105 ## - ПОЛЕ КОДИРОВАННЫХ ДАННЫХ: ТЕКСТОВЫЕ МАТЕРИАЛЫ, МОНОГРАФИЧЕСКИЕ | |
| Кодированные данные о монографическом текстовом документе | h|||z|||001zy |
| 200 1# - ЗАГЛАВИЕ И СВЕДЕНИЯ ОБ ОТВЕТСТВЕННОСТИ | |
| Основное заглавие | Литературное мастерство Достоевского в развитии |
| Сведения, относящиеся к заглавию | от "Записок из Мертвого дома" до "Братьев Карамазовых" |
| Первые сведения об ответственности | Хорст-Юрген Геригк |
| Последующие сведения об ответственности | авторизован. пер. с нем. и науч. ред. К. Ю. Лаппо-Данилевского |
| 210 ## - ПУБЛИКАЦИЯ, РАСПРОСТРАНЕНИЕ И ДР. | |
| Место издания, распространения и т.д. | Санкт-Петербург |
| Имя издателя, распространителя и т. д. | Изд-во Пушкинского Дома |
| -- | Нестор-История |
| Дата издания, распространения и т.д. | 2016 |
| 215 ## - ФИЗИЧЕСКАЯ ХАРАКТЕРИСТИКА | |
| Специфическое обозначение материала и объем | 319 с. |
| Другие сведения о физической характеристике | факс. |
| Размеры | 21 |
| 225 1# - СЕРИЯ | |
| Основное заглавие серии | Современная русистика |
| Обозначение тома | т. 4 |
| 320 ## - ПРИМЕЧАНИЯ О НАЛИЧИИ В ДОКУМЕНТЕ БИБЛИОГРАФИИ / УКАЗАТЕЛЯ | |
| Текст примечания | Библиогр. в подстроч. примеч. |
| 320 ## - ПРИМЕЧАНИЯ О НАЛИЧИИ В ДОКУМЕНТЕ БИБЛИОГРАФИИ / УКАЗАТЕЛЯ | |
| Текст примечания | Указ. имен: 312-317 |
| 500 ## - УНИФИЦИРОВАННОЕ ЗАГЛАВИЕ | |
| Унифицированное заглавие | Записки из Мертвого дома |
| Системный номер авторитетной/нормативной записи | 2632570 |
| Идентификатор авторитетной / нормативной записи | RU\NLR\AUTH\5510570 |
| 500 ## - УНИФИЦИРОВАННОЕ ЗАГЛАВИЕ | |
| Унифицированное заглавие | Братья Карамазовы |
| Системный номер авторитетной/нормативной записи | 2632548 |
| Идентификатор авторитетной / нормативной записи | RU\NLR\AUTH\5510548 |
| 517 1# - ДРУГИЕ ВАРИАНТЫ ЗАГЛАВИЯ | |
| Вариант заглавия | От "Записок из Мертвого дома" до "Братьев Карамазовых" |
| 600 #1 - ИМЯ ЛИЦА КАК ПРЕДМЕТ | |
| Начальный элемент ввода | Достоевский |
| Часть имени, кроме начального элемента ввода | Ф.М. |
| Даты | 1821 - 1881 |
| Расширение инициалов личного имени | Федор Михайлович |
| Тематический подзаголовок | Творческая лаборатория |
| Системный номер авторитетной/нормативной записи | 996337 |
| Идентификатор авторитетной/нормативной записи | RU\NLR\AUTH\66377138 |
| 686 2# - ИНДЕКСЫ ДРУГИХ КЛАССИФИКАЦИЙ | |
| Индекс | Ш5(2=Р)52-4Достоевский58 |
| 700 #1 - ИМЯ ЛИЦА - ПЕРВИЧНАЯ ОТВЕТСТВЕННОСТЬ | |
| Начальный элемент ввода | Геригк |
| Часть имени, кроме начального элемента ввода | Х.-Ю. |
| Расширение инициалов личного имени | Хорст-Юрген |
| 702 #1 - ИМЯ ЛИЦА - ВТОРИЧНАЯ ОТВЕТСТВЕННОСТЬ | |
| Материалы, к которым относится поле | rus |
| Графика поля | Кириллица |
| Начальный элемент ввода | Достоевский |
| Часть имени, кроме начального элемента ввода | Ф. М. |
| Даты | 1821-1881 |
| Расширение инициалов личного имени | Федор Михайлович |
| Идентификатор авторитетной/нормативной записи | RU\NLR\AUTH\77838 |
| Системный номер авторитетной/нормативной записи | 110876 |
| 702 #1 - ИМЯ ЛИЦА - ВТОРИЧНАЯ ОТВЕТСТВЕННОСТЬ | |
| Материалы, к которым относится поле | rus |
| Графика поля | Кириллица |
| Начальный элемент ввода | Достоевский |
| Часть имени, кроме начального элемента ввода | Ф. М. |
| Даты | 1821-1881 |
| Расширение инициалов личного имени | Федор Михайлович |
| Идентификатор авторитетной/нормативной записи | RU\NLR\AUTH\77838 |
| Системный номер авторитетной/нормативной записи | 110876 |
| 702 #1 - ИМЯ ЛИЦА - ВТОРИЧНАЯ ОТВЕТСТВЕННОСТЬ | |
| Код отношения | Переводчик |
| -- | Редактор |
| Графика поля | Кириллица |
| Материалы, к которым относится поле | rus |
| Начальный элемент ввода | Лаппо-Данилевский |
| Часть имени, кроме начального элемента ввода | К. Ю. |
| Даты | 1962- |
| Расширение инициалов личного имени | Константин Юрьевич |
| Системный номер авторитетной/нормативной записи | 78890 |
| Идентификатор авторитетной/нормативной записи | RU\NLR\AUTH\7795964 |
| 942 ## - ДОПОЛНИТЕЛЬНЫЕ ЭЛЕМЕНТЫ ЗАПИСИ (АБИС) | |
| Тип экземпляра АБИС | Книга |
| 980 ## - КОЛЛЕКЦИЯ | |
| Название коллекции | НБР |
Нет доступных экземпляров.